00947nam a22002177a 4500003000900000008004100009040007100050082002400121100002900145245003500174260005000209300002900259440003000288505022300318650004100541650002400582650003200606700004200638700002400680700002500704AR-CdUCM190304b ||||| |||| 00| 0 spa d aMUNICIPALIDAD PROVINCIAL DEL CUSCOcBIBLIOTECA MUNICIPAL DEL CUSCO a869.58 /bV4522ed. aGarcia Calderon, Ventura aLos mejores cuentos peruanos / aLima :bEditora Latinoamericana S.A., c1958. a119 Páginas ; c17 cm. aQuinto Festival del libro aFue en el Perú -- La sopa de piedras -- El caballero carmelo -- El vuelos de los cóndores -- Los hijos del Sol: El alma de la quena... Tomo 2: Jose Maria Arguedas -- Francisco Vegas Seminario -- Julio Ramon Ribeyro aCuentos Variados de Autores Peruanos aCuentos clásicos  aCuentos peruanos - Siglo XX aSuárez Miraval, Manuel (Compilador) aValdelomar, Abraham aDiez Canseco, José